000 00541nam a2200181Ia 4500
003 GCL
005 20240530110323.0
008 140319s9999 xx 000 0 ara d
040 _aGCL /
_cGCL
082 0 4 _a920.71
_bم/ل م
100 1 _aلمعى المطيعى
245 1 0 _aموسوعة هذا الرجل من مصر /
_cلمعى المطيعى
260 _aالقاهرة :
_bدار الشروق ،
_c1997
300 _a668 ص؛
_c24 سم
650 0 4 _aالمصريون
650 0 4 _aالرجال - تراجم
942 _2ddc
_cREF
999 _c59696
_d59696